The Madhya pradesh treasury code (Record no. 500253)
[ view plain ]
| 000 -LEADER | |
|---|---|
| fixed length control field | 00263cam a22000977a 4500 |
| 008 - FIXED-LENGTH DATA ELEMENTS--GENERAL INFORMATION | |
| fixed length control field | 180718b1960 xxu||||| |||| 00| 0 eng d |
| 082 ## - DEWEY DECIMAL CLASSIFICATION NUMBER | |
| Classification number | Loox5422 M364t |
| 245 ## - TITLE STATEMENT | |
| Title | The Madhya pradesh treasury code |
| 260 ## - PUBLICATION, DISTRIBUTION, ETC. | |
| Place of publication, distribution, etc. | Bhopal |
| Name of publisher, distributor, etc. | Government Central Press |
| Date of publication, distribution, etc. | 1960 |
| 300 ## - PHYSICAL DESCRIPTION | |
| Extent | 2v |
| Withdrawn status | Lost status | Damaged status | Not for loan | Permanent Location | Current Location | Date acquired | Full call number | Barcode | Date last seen | Price effective from | Koha item type |
|---|---|---|---|---|---|---|---|---|---|---|---|
| Indian Institute of Public Administration | Indian Institute of Public Administration | 2018-08-04 | Loox5422 M364t | G377 | 2018-08-04 | 2018-08-04 | G | ||||
| Indian Institute of Public Administration | Indian Institute of Public Administration | 2018-08-04 | Loox5422 M364t | G376 | 2018-08-04 | 2018-08-04 | G |
